00958nam a2200289Ia 450000500170000000800410001702000180005804100080007608200170008410000260010124501080012725000180023530000250025350000330027850000520031150400270036365000310039065000300042165000340045194200120048526400330049733600270053033700330055733800280059004000350061899900150065320220317001810.0170328s2009 c g 000 0 s  a9789583023958 aspa04a658.85bQ83v1 aQuiñones V., Manuel10aVender, un estilo de vidabveinte lecciones para llegar a ser vendedor profesionalcManuel Quiñones V a1a. edición a142 páginasc21 cm aIncluye índice analítico aIncluye datos biográficos del autor en solapa aIncluye bibliografía142LEMBaTécnicas de ventas142LEMBaVentasxPromoción142LEMBaVentas y arte de vender 2ddccBK aBogotábPanamericanac2009 atextobtxt2rdacontent asin mediaciónbn2rdamedia avolumenbnc2rdacarrier aCO-BoRNBPbspaerdacCO-BoRNBP c8134d8134